000 00427nmm a2200157Ia 4500
008 251105s9999||||xx |||||||||||||||||und||
041 _aspa
100 _aGorostiza, José
245 0 _aContigo pan y cebolla
264 _a[Madrid, España] :
_bLinkgua,
_c2017
300 _a111 páginas
490 _aTeatro
650 _aLatin American theater
856 _uhttps://public.digitaliapublishing.com/a/55362
942 _cCF
999 _c100806
_d100806